000
00288nam a22001337a 4500
008
181205b xxu||||| |||| 00| 0 eng d
020
_a
9780312013097
041
_a
eng
080
_a
370
100
_a
49
101
_a
EDU
245
_a
The Respsible Reader
_c
Ziff.L
942
_2
udc
_c
BK
999
_c
52845
_d
52845